2008 AFL Premiership Team - Statistics

General Stats
  • This quiz has been taken 135 times
  • The average score is 16 of 24
Answer Stats
Hint Answer % Correct
Premiership Team Hawthorn
98%
Centre Half Back Luke Hodge
98%
Centre Half Forward Lance Franklin
95%
Full Forward Jarryd Roughead
94%
Centre Sam Mitchell
94%
Coach Alastair Clarkson
92%
Half Forward Flank Cyril Rioli
88%
Wing Jordan Lewis
81%
Interchange Shane Crawford
81%
Interchange Stuart Dew
73%
Half Back Flank Grant Birchall
68%
Rover Chance Bateman
66%
Ruck Rover Brad Sewell
62%
Back Pocket Brent Guerra
57%
Forward Pocket Mark Williams
57%
Full Back Trent Croad
54%
Half Forward Flank Michael Osborne
51%
Forward Pocket Campbell Brown
49%
Half Back Flank Rick Ladson
47%
Ruck Robert Campbell
47%
Interchange Xavier Ellis
47%
Wing Clinton Young
42%
Back Pocket Stephen Gilham
39%
Interchange Brent Renouf
37%
No matching quizzes found
Score Distribution
Percent of People with Each Score
Percentile by Number Answered
Your Score History
You have not taken this quiz